Some recent developments in operator theory /

Guardado en:
Autor Principal: Pearcy, Carl M., 1935-
Autores Corporativos: Conference Board of the Mathematical Sciences., American Mathematical Society.
Formato: Libro
Idioma:English
Publicado: Providence, R.I. : Published for the Conference Board of the Mathematical Sciences by the American Mathematical Society, c1978.
Series:Regional conference series in mathematics ; no. 36
Materias:
Etiquetas: Agregar Etiqueta
Sin Etiquetas, Sea el primero en etiquetar este registro!
LEADER 01024pam a2200253 a 4500
001 MAT.inmabb005003
008 780424s1978####riu######b####100#0#eng##
005 20111117160143.0
245 1 0 |a Some recent developments in operator theory /  |c by Carl M. Pearcy. 
260 |a Providence, R.I. :  |b Published for the Conference Board of the Mathematical Sciences by the American Mathematical Society,  |c c1978. 
300 |a v, 73 p. ;  |c 26 cm. 
440 0 |a Regional conference series in mathematics ;  |v no. 36 
500 |a "Expository lectures from the CBMS regional conference held at Bucknell University, August 11-15, 1975." 
504 |a Bibliografía: p. 65-73. 
510 4 |a MR,  |c 58 #7120 
020 |a 0821816861 
100 1 |a Pearcy, Carl M.,  |d 1935- 
710 2 |a Conference Board of the Mathematical Sciences. 
710 2 |a American Mathematical Society. 
650 0 |a Operator theory. 
084 |a 47-02 (47A15 47A65)  |2 msc2000 
010 |a  78008754  
040 |a DLC  |c DLC  |d DLC 
859 |h 47  |i P359  |p A-5355  |b BIB. MATEMATICA